Schaum's outline of theory and problems of statistics / (Record no. 542488)
[ view plain ]
| 000 -LEADER | |
|---|---|
| fixed length control field | 00749cam a2200229 a 4500 |
| 020 ## - INTERNATIONAL STANDARD BOOK NUMBER | |
| International Standard Book Number | 0070602344 |
| 082 0# - DEWEY DECIMAL CLASSIFICATION NUMBER | |
| Classification number | 310 |
| Author Mark | SPI |
| -- | 16096 |
| 100 1# - MAIN ENTRY--PERSONAL NAME | |
| Personal name | Spiegel, Murray R. |
| 9 (RLIN) | 51 |
| 245 10 - TITLE STATEMENT | |
| Title | Schaum's outline of theory and problems of statistics / |
| Statement of responsibility, etc. | Murray R. Spiegel. |
| 250 ## - EDITION STATEMENT | |
| Edition statement | 1st ed. |
| 260 ## - PUBLICATION, DISTRIBUTION, ETC. | |
| Place of publication, distribution, etc. | New York : |
| Name of publisher, distributor, etc. | McGraw-Hill, |
| Date of publication, distribution, etc. | c1981. |
| 300 ## - PHYSICAL DESCRIPTION | |
| Extent | 360 p. : |
| Other physical details | ill. ; |
| Dimensions | 28 cm. |
| 490 1# - SERIES STATEMENT | |
| Series statement | Schaum's outline series. Schaum's outline series in mathematics |
| 500 ## - GENERAL NOTE | |
| General note | Includes index. |
| 526 ## - STUDY PROGRAM INFORMATION NOTE | |
| Program name | 0 |
| Interest level | 0 |
| Reading level | 0 |
| Title point value | 310_000000000000000_SPI |
| 526 ## - STUDY PROGRAM INFORMATION NOTE | |
| Program name | 0 |
| Interest level | 0 |
| Reading level | 0 |
| Title point value | 310_000000000000000_SPI |
| 526 ## - STUDY PROGRAM INFORMATION NOTE | |
| Program name | 0 |
| Interest level | 0 |
| Reading level | 0 |
| Title point value | 310_000000000000000_SPI |
| 526 ## - STUDY PROGRAM INFORMATION NOTE | |
| Program name | 0 |
| Interest level | 0 |
| Reading level | 0 |
| Title point value | 310_000000000000000_SPI |
| 650 #0 - SUBJECT ADDED ENTRY--TOPICAL TERM | |
| Topical term or geographic name entry element | MCE |
| 9 (RLIN) | 379 |
| 650 #0 - SUBJECT ADDED ENTRY--TOPICAL TERM | |
| Topical term or geographic name entry element | Statistics |
| 9 (RLIN) | 69 |
| 942 ## - ADDED ENTRY ELEMENTS (KOHA) | |
| Source of classification or shelving scheme | |
| Koha item type | Book |
| Withdrawn status | Lost status | Source of classification or shelving scheme | Damaged status | Not for loan | Permanent Location | Current Location | Date acquired | Total Checkouts | Full call number | Barcode | Date last seen | Price effective from | Koha item type |
|---|---|---|---|---|---|---|---|---|---|---|---|---|---|
| Military College of Engineering (MCE) | Military College of Engineering (MCE) | 01/01/2014 | 310 SPI | MCE-16096 | 01/01/2014 | 01/01/2014 | Book | ||||||
| Military College of Engineering (MCE) | Military College of Engineering (MCE) | 01/01/2014 | 310 SPI | MCE-13724 | 01/01/2014 | 01/01/2014 | Book | ||||||
| Military College of Engineering (MCE) | Military College of Engineering (MCE) | 01/01/2014 | 310 SPI | MCE-16123 | 01/01/2014 | 01/01/2014 | Book | ||||||
| Military College of Engineering (MCE) | Military College of Engineering (MCE) | 01/01/2014 | 310 SPI | MCE-16101 | 01/01/2014 | 01/01/2014 | Book |
